Gimme an 'A' Quiz Stats

 Plays Quiz Updated Dec 18, 2017

Also try: 'A' Game
Challenge
Share
Tweet
Embed
Score 0/45 Timer 08:00
4 Plays Today
Hint Answer % Correct
PlanetsEarth
97.6%
PlanetsMars
97.1%
PlanetsSaturn
94.8%
PlanetsUranus
92.1%
Ivy League SchoolsHarvard University
89.1%
Santa's ReindeerDancer
86.5%
Santa's ReindeerPrancer
85.7%
Ivy League SchoolsYale University
84.1%
Santa's ReindeerDasher
77.6%
Super Mario Kart RacersMario
76%
Chinese Zodiac AnimalsDragon
65.7%
Chinese Zodiac AnimalsRat
65.3%
Summer Olympics Host CitiesAtlanta
64.3%
Summer Olympics Host CitiesAthens
61%
Cluedo (Clue) RoomsHall
59%
Fellowship of the Ring MembersSamwise Gamgee
54.7%
Cluedo (Clue) RoomsLibrary
54.1%
Fellowship of the Ring MembersGandalf
53.8%
Super Mario Kart RacersPrincess Peach
51.6%
Summer Olympics Host CitiesLos Angeles
49.8%
Chinese Zodiac AnimalsSnake
48.3%
Summer Olympics Host CitiesParis
46%
Ivy League SchoolsDartmouth College
45.8%
Hint Answer % Correct
Fellowship of the Ring MembersLegolas
45.1%
Ivy League SchoolsColumbia University
44.8%
Fellowship of the Ring MembersAragorn
44.2%
Summer Olympics Host CitiesBarcelona
42%
Movies Directed by TarantinoDjango Unchained
39.1%
Chinese Zodiac AnimalsRabbit
38%
Chinese Zodiac AnimalsGoat/Ram
37.9%
Ivy League SchoolsUniversity of Pennsylvania
37.7%
Cluedo (Clue) RoomsConservatory
37.5%
Super Mario Kart RacersToad
35.2%
Movies Directed by TarantinoInglourious Basterds
34%
Cluedo (Clue) RoomsBilliard Room
33.7%
Cluedo (Clue) RoomsBallroom
33%
Movies Directed by TarantinoThe Hateful Eight
29.3%
Fellowship of the Ring MembersMeriadoc Brandybuck
27.3%
Summer Olympics Host CitiesAmsterdam
26.6%
Movies Directed by TarantinoJackie Brown
21.7%
Summer Olympics Host CitiesMontreal
21.1%
Summer Olympics Host CitiesAntwerp
17.7%
Summer Olympics Host CitiesRio de Janeiro
15.9%
Super Mario Kart RacersKoopa Troopa
15.7%
Movies Directed by TarantinoDeath Proof
10.6%

You're not logged in!

Compare scores with friends on all Sporcle quizzes.
Join for Free
OR
Log In

You Might Also Like...

Show Comments

Extras

Top Quizzes Today


Score Distribution

Your Account Isn't Verified!

In order to create a playlist on Sporcle, you need to verify the email address you used during registration. Go to your Sporcle Settings to finish the process.

Report this User

Report this user for behavior that violates our Community Guidelines.

Details: